Fahris anaveen ul mozuat: almawad (arabic)/ (Record no. 101183)
[ view plain ]
| 000 -LEADER | |
|---|---|
| fixed length control field | 00355nam a22001337a 4500 |
| 005 - DATE AND TIME OF LATEST TRANSACTION | |
| control field | 20171229111034.0 |
| 008 - FIXED-LENGTH DATA ELEMENTS--GENERAL INFORMATION | |
| fixed length control field | 171229b xxu||||| |||| 00| 0 eng d |
| 040 ## - CATALOGING SOURCE | |
| Transcribing agency | PK-LaUMT |
| 082 ## - DEWEY DECIMAL CLASSIFICATION NUMBER | |
| Classification number | PKAC 016 |
| Item number | FAH- |
| 245 ## - TITLE STATEMENT | |
| Title | Fahris anaveen ul mozuat: almawad (arabic)/ |
| 260 ## - PUBLICATION, DISTRIBUTION, ETC. (IMPRINT) | |
| Place of publication, distribution, etc | عمان: |
| Name of publisher, distributor, etc | موسسۃ آل بیت، |
| Date of publication, distribution, etc | 1986 |
| 300 ## - PHYSICAL DESCRIPTION | |
| Extent | 535 ص |
| 942 ## - ADDED ENTRY ELEMENTS (KOHA) | |
| Koha item type | Books |
| Withdrawn status | Lost status | Damaged status | Home library | Current library | Date acquired | Full call number | Barcode | Date last seen | Copy number | Price effective from | Koha item type |
|---|---|---|---|---|---|---|---|---|---|---|---|
| UMT Main Campus | UMT Main Campus | 2017-12-29 | PKAC 016 FAH- | 116937 | 2017-12-29 | V-1 | 2017-12-29 | Books | |||
| UMT Main Campus | UMT Main Campus | 2017-12-29 | PKAC 016 FAH- | 116938 | 2017-12-29 | V-2 | 2017-12-29 | Books |
